000 00194 a2200097 4500
001 9247
100 _aArnold, T.W.
245 _aThe caliphate
260 _a
_bRoutledge
_c
090 _c7417
_d7417
942 _aNUST-CAE
_cM
_c34064
999 _c244320
_d244320